| 000 | 00461nam a2200145Ia 4500 | ||
|---|---|---|---|
| 008 | 231129s2006||||xx |||||||||||||| ||spa|| | ||
| 020 | _a92-1-354091-4 | ||
| 040 | _bspa | ||
| 082 | _a341.231 P957 | ||
| 100 | _aAlto Comisionado de las Naciones Unidas para los Derechos Humanos | ||
| 245 | 0 | _aLos principales tratados internacionales de derechos humanos | |
| 260 | _c2006 | ||
| 264 | _aNaciones Unidas | ||
| 942 |
_2ddc _cBKS |
||
| 999 |
_c19984 _d19984 |
||